| 000 | 00737nam a2200253Ia 4500 | ||
|---|---|---|---|
| 003 | OSt | ||
| 005 | 20220925203949.0 | ||
| 006 | a|||||r|||| 00| 0 | ||
| 007 | ta | ||
| 008 | 220923b |||||||| |||| 00| 0 eng d | ||
| 020 | _aI932159010 | ||
| 037 | _cGeneral Book | ||
| 040 |
_aRTL _cRTL _beng |
||
| 041 |
_2eng _aeng |
||
| 082 | _aX:731-8, P3 | ||
| 100 |
_aCrum Colleen _9267434 |
||
| 245 | 0 |
_aDemand management best practices _b Process, princi |
|
| 260 |
_aFlorida _bJ.Ross Publication _c2003 |
||
| 300 |
_axv;239p _ccm. |
||
| 500 | _aBibliography P229-232 | ||
| 700 |
_a Palmatier George E _9267435 |
||
| 942 |
_hX:731-8, P3 _cGB _2CC |
||
| 999 |
_c548213 _d548213 |
||